OLD TESTAMENT ETHICS FOR THE PEOPLE OF GOD; (Record no. 6717)
[ view plain ]
| 000 -LEADER | |
|---|---|
| fixed length control field | 00392nam a22001457a 4500 |
| 005 - DATE AND TIME OF LATEST TRANSACTION | |
| control field | 20250626135236.0 |
| 008 - FIXED-LENGTH DATA ELEMENTS--GENERAL INFORMATION | |
| fixed length control field | 250626b |||||||| |||| 00| 0 eng d |
| 020 ## - INTERNATIONAL STANDARD BOOK NUMBER | |
| International Standard Book Number | 9780851117843 |
| 050 ## - LIBRARY OF CONGRESS CALL NUMBER | |
| Classification number | BS680 |
| Item number | E84W75 WRI |
| 100 ## - MAIN ENTRY--PERSONAL NAME | |
| Personal name | WRIGHT CHRISTOPHER J.H |
| 245 ## - TITLE STATEMENT | |
| Title | OLD TESTAMENT ETHICS FOR THE PEOPLE OF GOD; |
| 260 ## - PUBLICATION, DISTRIBUTION, ETC. | |
| Place of publication, distribution, etc. | ENGLAND |
| Name of publisher, distributor, etc. | INTER-VARSITY |
| Date of publication, distribution, etc. | c2000 |
| 300 ## - PHYSICAL DESCRIPTION | |
| Extent | 520p |
| 942 ## - ADDED ENTRY ELEMENTS (KOHA) | |
| Source of classification or shelving scheme | Library of Congress Classification |
| Koha item type | Books |
| Suppress in OPAC | No |
| 999 ## - | |
| -- | 6717 |
| -- | 6717 |
| Withdrawn status | Lost status | Source of classification or shelving scheme | Damaged status | Not for loan | Collection | Home library | Current library | Shelving location | Date acquired | Total checkouts | Full call number | Barcode | Date last seen | Copy number | Price effective from | Koha item type |
|---|---|---|---|---|---|---|---|---|---|---|---|---|---|---|---|---|
| Library of Congress Classification | Non-fiction | Business Library (Miotso) | Business Library (Miotso) | General stacks | 03/04/2026 | BS680.E84W75 WRI | BSSM00002386 | 03/04/2026 | 1 | 03/04/2026 | Books | |||||
| Library of Congress Classification | Non-fiction | Business Library (Miotso) | Business Library (Miotso) | General stacks | 03/04/2026 | BS680.E84W75 WRI | BSSM00002387 | 03/04/2026 | 2 | 03/04/2026 | Books | |||||
| Library of Congress Classification | Non-fiction | Undergraduate Library (Christ Temple) | Undergraduate Library (Christ Temple) | General stacks | 06/26/2025 | BS680.E84W75 WRI | ulct00003554 | 06/26/2025 | 1 | 06/06/2025 | Books | |||||
| Library of Congress Classification | Non-fiction | Undergraduate Library (Christ Temple) | Undergraduate Library (Christ Temple) | General stacks | 06/26/2025 | BS680.E84W75 WRI | ulct00003555 | 06/26/2025 | 2 | 06/06/2025 | Books |